000 00624nam a2200181Ia 4500
003 GCL
008 140319s9999 xx 000 0 ara d
020 _a170287977
040 _aGCL /
_cGCL
082 0 4 _a629.254
_bع ك
100 1 _aعطية على عطية
245 1 0 _aكهرباء السيارات مع التطبيقات العملية /
_cعطية على عطية
260 _aالقاهرة :
_bدار الكتب العلمية للنشر والتوزيع ،
_c2001
300 _a221 ص ؛
_c28 سم
650 0 4 _aالسيارات
650 0 4 _aالسيارات - اجهزة كهربائية
942 _2ddc
_cBK
999 _c5355
_d5355